书目信息 |
| 题名: |
重金属污染土壤生物修复技术
|
|
| 作者: | 亓琳 著 | |
| 分册: | ||
| 出版信息: | 北京 中国水利水电出版社 2017.12 |
|
| 页数: | 195页 | |
| 开本: | 24cm | |
| 丛书名: | ||
| 单 册: | ||
| 中图分类: | X53 | |
| 科图分类: | ||
| 主题词: | 土壤污染--重金属污染--生态恢复--研究 | |
| 电子资源: | ||
| ISBN: | 978-7-5170-6118-2 | |
| 000 | 00880nam0 2200217 450 | |
| 001 | 74 | |
| 005 | 20180920171146.83 | |
| 010 | @a978-7-5170-6118-2@dCNY52.00 | |
| 100 | @a20180714d2017 em y0chiy50 ea | |
| 101 | 0 | @achi |
| 102 | @aCN@b110000 | |
| 105 | @aa z 000yy | |
| 200 | 1 | @a重金属污染土壤生物修复技术@9zhong jin shu wu ran tu rang sheng wu xiu fu ji shu@f亓琳著 |
| 210 | @a北京@c中国水利水电出版社@d2017.12 | |
| 215 | @a195页@c图@d24cm | |
| 330 | @a本书全面地讨论了重金属对土壤的污染状况以及各种修复技术。全书共八章,主要包括:土壤重金属污染现状、土壤生物的类型和功能、土壤重金属污染的植物修复技术、土壤重金属污染的动物修复技术、土壤重金属污染强化修复技术、土壤重金属污染的丛枝菌根真菌修复技术、展望。 | |
| 606 | 0 | @a土壤污染@x重金属污染@x生态恢复@x研究 |
| 690 | @aX53@v5 | |
| 701 | 0 | @a亓琳@9qi lin@4著 |
| 801 | 0 | @aCN@b91MARC@c20180714 |
| 905 | @aMuseLib@dX53@e169 | |
| 重金属污染土壤生物修复技术/亓琳著.-北京:中国水利水电出版社,2017.12 |
| 195页:图;24cm |
| ISBN 978-7-5170-6118-2:CNY52.00 |
| 本书全面地讨论了重金属对土壤的污染状况以及各种修复技术。全书共八章,主要包括:土壤重金属污染现状、土壤生物的类型和功能、土壤重金属污染的植物修复技术、土壤重金属污染的动物修复技术、土壤重金属污染强化修复技术、土壤重金属污染的丛枝菌根真菌修复技术、展望。 |
| ● |
| 相关链接 |
|
|
|
|
正题名:重金属污染土壤生物修复技术
索取号:X53/169
 
预约/预借
| 序号 | 登录号 | 条形码 | 馆藏地/架位号 | 状态 | 备注 |
| 1 | 1118109 | 211181095 | 第二样本阅览室/ [索取号:X53/169] | 在馆 | |
| 2 | 1118110 | 211181102 | 第三借阅区/ [索取号:X53/169] | 在馆 | |
| 3 | 1118111 | 211181111 | 第三借阅区/ [索取号:X53/169] | 在馆 | |
| 4 | 1118112 | 211181120 | 第三借阅区/ [索取号:X53/169] | 在馆 | |
| 5 | 1118113 | 211181139 | 第三借阅区/ [索取号:X53/169] | 在馆 |